000 00943cam a2200205 4500
001 ##L133257
008 060424n2006 000 0 eng u
035 _a(Sirsi) u133257
041 0 _aeng
050 0 4 _a333.33 $2 18
110 1 _aScotland
_bRegisters of Scotland
_94919
245 0 0 _aAverage residential property prices in Scotland
260 _aEdinburgh
_bRegisters of Scotland
_c2006
490 0 _aRegisters of Scotland News Release
520 _aProvides on a quarterly basis average residential property prices in Scotland both nationally and across the seven regions. Also includes related house price inflation data.
650 2 4 _aREGISTERS OF SCOTLAND: AVERAGE RESIDENTIAL PROPERTY PRICES IN SCOTLAND
690 _aPROPERTY-RESIDENTIAL PROPERTY-RESIDENTIAL PROPERTY MARKET
856 4 0 _uhttps://www.ros.gov.uk/productsandservices/lpd_press.html
_zView the quarterly report free of charge at www.ros.gov.uk...
942 _n0
999 _c105370
_d105370